Arles - Choix multiples - Statistiques

Statistiques générales
  • Ce quiz a été pris 70 fois
  • Le résultat moyen est 6 sur 10
Statistiques - réponses
Question Réponse % Correct
Quelle région sauvage s'étend au sud, sud-ouest d'Arles ? Arles en est en quelque sorte la "porte d'entrée". La Camargue
95%
Quel artiste-peintre néerlandais séjourna en Arles ? Vincent Van Gogh
95%
Quelle commune limitrophe d'Arles, au nord, est connue pour son "Tartarin" ? Tarascon
83%
Quelle maison d'édition a son siège social en Arles ? Actes Sud
73%
Qui écrivit la nouvelle "L'Arlésienne" ? Alphonse Daudet
58%
Quel concours trisannuel vise à élire une ambassadrice de la culture régionale ? Il se fonde sur les connaissances des candidates en histoire, littérature, architecture, arts, traditions et en langue régionale. L'élection de la _____ d'Arles. Reine
50%
Quel compositeur mit l'Arlésienne en musique ? Georges Bizet
40%
Quel évêque d'Arles du Ve siècles, canonisé, donna son nom à l'une des îles de Lérins en face de Cannes ? Saint Honorat
35%
Quel est le dernier film achevé de Fernandel dont quelques scènes ont été tournées en Arles ? Heureux qui comme Ulysse
28%
Quelle est l'association de sauvegarde et de promotion de la langue et de la culture occitane dont le siège social se trouve en Arles ? Le Félibrige
28%
Aucun quiz correspondant
Distribution des résultats
% des personnes avec chaque résultat
Percentile par nombre de réponses
Votre historique - résultats
Vous n’avez pas pris ce quiz